Online
Catalog

Evaluation of liver function in clinical practice / (Record no. 915)

MARC details
000 -CABECERA
campo de control de longitud fija 00630nam a2200193 i 4500
001 - NÚMERO DE CONTROL
campo de control 000000924
005 - FECHA Y HORA DE LA ÚLTIMA TRANSACCIÓN
campo de control 20260511093550.0
008 - DATOS DE LONGITUD FIJA--INFORMACIÓN GENERAL
campo de control de longitud fija 750326s1965 inua b 001 0 eng
040 ## - FUENTE DE LA CATALOGACIÓN
Centro catalogador/agencia de origen DO-SdBNP
Lengua de catalogación spa
Centro/agencia transcriptor BNPHU
082 ## - NÚMERO DE LA CLASIFICACIÓN DECIMAL DEWEY
Número de clasificación 616.362
Número de documento/Ítem L487e
100 1# - ENTRADA PRINCIPAL--NOMBRE DE PERSONA
Nombre de persona Leevy, Carroll Moton.
9 (RLIN) 3265
245 10 - MENCIÓN DE TÍTULO
Título Evaluation of liver function in clinical practice /
Mención de responsabilidad, etc. [prepared by Carroll M. Leevy].
260 ## - PUBLICACIÓN, DISTRIBUCIÓN, ETC.
Lugar de publicación, distribución, etc. Indianapolis :
Nombre del editor, distribuidor, etc. Lilly Research Laboratories,
Fecha de publicación, distribución, etc. 1965.
300 ## - DESCRIPCIÓN FÍSICA
Extensión 162 p. :
Otras características físicas il. ;
Dimensiones 27 cm.
504 ## - NOTA DE BIBLIOGRAFÍA, ETC.
Nota de bibliografía, etc. Bibliography: p. 150-152.
500 ## - NOTA GENERAL
Nota general Includes index.
650 #0 - PUNTO DE ACCESO ADICIONAL DE MATERIA--TÉRMINO DE MATERIA
Término de materia o nombre geográfico como elemento de entrada Enfermedades hepáticas
9 (RLIN) 3266
650 #4 - PUNTO DE ACCESO ADICIONAL DE MATERIA--TÉRMINO DE MATERIA
Término de materia o nombre geográfico como elemento de entrada Diagnostico
9 (RLIN) 3267
Holdings
Estado de retiro Estado de pérdida No para préstamo Código de colección Localización permanente Ubicación/localización actual Ubicación en estantería Fecha de adquisición Número de inventario Total de préstamos Signatura topográfica completa Código de barras Fecha visto por última vez Precio válido a partir de Tipo de ítem Koha
    Préstamo en sala Dominicana de Servicio Biblioteca Nacional Pedro Henríquez Ureña Biblioteca Nacional Pedro Henríquez Ureña En catalogación 12.06.2009 LF1   616.362 L487e 924-10 25.06.2020 25.06.2020 Libros y folletos

Powered by Koha